Music Quiz

Random Music or Artist Quiz
Score 0/60 Timer 10:00
0 Plays Today
Hint Answer % Correct
SONGRED
93.5%
ARTISTUB40
73.9%
SONGRED RED WINE
71.7%
SONGTHE LADY IN RED
63%
ARTISTTAYLOR SWIFT
56.5%
ARTISTCHRIS DEBURGH
52.2%
ARTISTPRINCE
39.1%
SONGLITTLE RED CORVETTE
39.1%
ARTISTBOBBY VINTON
34.8%
SONGROSES ARE RED (MY LOVE)
32.6%
SONGI SAW RED
26.1%
ARTISTWARRANT
23.9%
ARTISTTHE CYRKLE
21.7%
ARTISTTOBY KEITH
21.7%
ARTISTTOBY KEITH
21.7%
SONGRED RUBBER BALL
21.7%
SONGCOURTESY OF THE RED, WHITE AND BLUE
21.7%
ARTISTTLC
17.4%
SONGRED LIGHT SPECIAL
17.4%
SONGRED ROSES FOR A BLUE LADY
17.4%
SONGRED ROSES FOR A BLUE LADY
17.4%
SONGRED ROSES FOR A BLUE LADY
17.4%
ARTISTSAM THE SHAM AND THE PHAROAHS
15.2%
SONGLIL' RED RIDING HOOD
15.2%
SONGLEAVE ME ALONE (RUBY RED DRESS)
15.2%
SONGLITTLE RED ROOSTER
15.2%
ARTISTHELEN REDDY
13%
ARTISTGRETCHEN WILSON
13%
ARTISTBROOKS & DUNN
13%
SONGRED SOLO CUP
13%
Hint Answer % Correct
SONGREDNECK WOMAN
13%
SONGRED DIRT ROAD
13%
ARTISTBERT KAEMPFERT AND HIS ORCHESTRA
10.9%
ARTISTTYLER FARR
10.9%
ARTISTTIM MCGRAW
10.9%
SONGRUDOLPH THE RED NOSED REINDEER
10.9%
SONGRED SAILS IN THE SUNSET
10.9%
SONGRED SAILS IN THE SUNSET
10.9%
ARTIST1910 FRUITGUM COMPANY
8.7%
ARTISTWAYNE NEWTON
8.7%
SONG1,2,3 RED LIGHT
8.7%
SONGRED RIVER ROCK
8.7%
SONGREDNECK CRAZY
8.7%
SONGRED RAG TOP
8.7%
ARTISTTHE ROYAL GUARDSMEN
6.5%
ARTISTVIC DANA
6.5%
ARTISTTHE ROYAL GUARDSMEN
6.5%
ARTISTDAVID SEVILLE
6.5%
ARTISTFATS DOMINO
6.5%
SONGSNOOPY VS. THE RED BARON
6.5%
SONGTHE RETURN OF THE RED BARON
6.5%
ARTISTJOHNNY AND THE HURRICANES
4.3%
ARTISTSAM COOKE
4.3%
ARTISTJOE DOWELL
4.3%
ARTISTTHE PLATTERS
4.3%
ARTISTTHE AMES BROTHERS
4.3%
SONGLITTLE RED RENTED ROWBOAT
4.3%
SONGRED RIVER ROSE
4.3%
ARTISTTHE COASTERS
2.2%
SONGRUN RED RUN
2.2%
Remove Ads.
Support Sporcle.
Get the best of Sporcle when you Go Orange. This ad-free experience offers more features, more stats, and more fun while also helping to support Sporcle. Thank you for becoming a member.

You're not logged in!

Compare scores with friends on all Sporcle quizzes.
OR
Log In

Show Comments

Extras

Top Quizzes Today


Score Distribution

Your Account Isn't Verified!

In order to create a playlist on Sporcle, you need to verify the email address you used during registration. Go to your Sporcle Settings to finish the process.

Report this User

Report this user for behavior that violates our Community Guidelines.

Details: